|
|
|
|
| LEADER |
01877nam a2200469 a 4500 |
| 001 |
3737 |
| 003 |
BD-DhAAL |
| 005 |
20190624170014.0 |
| 007 |
t| |
| 008 |
151014c19929999ctuar 0 a0eng c |
| 999 |
|
|
|c 35796
|d 35796
|
| 010 |
|
|
|a 94640744
|
| 016 |
7 |
|
|a 009911101
|2 Uk
|
| 020 |
|
|
|a 0070400776
|
| 022 |
0 |
|
|a 1075-5195
|2 1
|
| 040 |
|
|
|a CSdS
|b eng
|c CSdS
|d InIU
|d O
|d DLC
|d NSDP
|d DLC
|d OCoLC
|d NWhpW
|d OCoLC
|d UKMGB
|d DLC
|d MFmM
|d OCoLC
|d DLC
|d BD-DhAAL
|
| 050 |
0 |
0 |
|a E184.A1
|b R234
|
| 050 |
1 |
4 |
|a Q305.8 R
|
| 082 |
0 |
0 |
|a 305.800973005
|2 20
|
| 210 |
0 |
|
|a Race ethnic relat.
|
| 222 |
|
0 |
|a Race and ethnic relations
|
| 245 |
0 |
0 |
|a Race and ethnic relations.
|
| 250 |
|
|
|a 9th ed.
|
| 260 |
|
|
|a Guilford, Conn. :
|b Dushkin Pub. Group,
|
| 300 |
|
|
|a x, 229 p. :
|b ill. ;
|c 28 cm.
|
| 310 |
|
|
|a Annual
|
| 362 |
0 |
|
|a 1st ed. (91/92)-
|
| 490 |
1 |
|
|a Annual editions
|
| 500 |
|
|
|a Editor: 91/92- Kromkowski, John A.
|
| 541 |
|
|
|e 3737
|
| 590 |
|
|
|a SERBIB/SERLOC merged record
|
| 650 |
|
0 |
|a Culture conflict
|z United States
|v Periodicals.
|9 15445
|
| 650 |
|
0 |
|a Minorities
|z United States
|v Periodicals.
|9 15446
|
| 651 |
|
0 |
|a United States
|x Ethnic relations
|v Periodicals.
|9 15447
|
| 651 |
|
0 |
|a United States
|x Race relations
|v Periodicals.
|9 15448
|
| 700 |
1 |
|
|a Kromkowski, John,
|d 1939-
|9 15449
|
| 776 |
0 |
8 |
|i Online version:
|t Race and ethnic relations (Dubuque, Iowa : Online)
|x 2159-0974
|w (DLC) 2010208111
|w (OCoLC)694090861
|
| 830 |
|
0 |
|a Annual editions.
|9 15450
|
| 850 |
|
|
|a DLC
|
| 942 |
|
|
|2 ddc
|c BK
|
| 952 |
|
|
|0 0
|1 0
|2 ddc
|4 0
|6 305_800000000000000_00973_005_RAC
|7 0
|9 56308
|a SCL
|b SCL
|c GEN
|d 2015-10-14
|e Gift: The Asia Foundation
|l 0
|o 305.800973005 RAC
|p 3020003737
|r 2015-10-14
|t 1
|w 2015-10-14
|y BK
|
| 952 |
|
|
|0 0
|1 0
|2 ddc
|4 0
|6 305_800000000000000_00973_005_RAC
|7 0
|9 56311
|a SCL
|b SCL
|c GEN
|d 2015-10-14
|e Gift: The Asia Foundation
|l 0
|o 305.800973005 RAC
|p 3020003738
|r 2015-10-14
|t 2
|w 2015-10-14
|y BK
|